[Event "ch-Commonwealth"]
[Site "Nagpur IND"]
[Date "2008.10.01"]
[Round "5"]
[White "Anurag,M"]
[Black "West,G"]
[Result "1/2-1/2"]
[WhiteElo "2113"]
[BlackElo "2342"]

1.e4 c5 2.Nf3 d6 3.Bb5+ Bd7 4.Bxd7+ Nxd7 5.O-O Ngf6 6.Qe2 e6 7.c3 Be7 8.d4 cxd4
9.cxd4 d5 10.e5 Ne4 11.Nbd2 Nxd2 12.Bxd2 O-O 13.Rac1 Qb6 14.Rc2 Rac8 15.Rfc1 Rxc2
16.Rxc2 Nb8 17.a3 Nc6 18.Be3 a6 19.g3 Qb5 20.h4 Qxe2 21.Rxe2 Rc8 22.Rc2 f6
23.Kf1 Kf7 24.Ke2 Ke8 25.Kd1 Kd7 26.h5 h6 27.g4 Rf8 28.exf6 Bxf6 29.Ke2 a5
30.Rc1 a4 31.Rc2 b5 32.Rc5 Rb8 33.Bf4 Nxd4+ 34.Nxd4 Bxd4 35.Bxb8 Bxc5 36.Be5 Bf8
37.Kd3 Ke8 38.f4 Kf7 39.Kd4 Be7 40.Kc3 g5 41.fxg5 Bxg5 42.Kb4 Bf6 43.Bxf6 Kxf6
44.Kxb5 e5 45.Kxa4 e4 46.Kb3 d4 47.a4 Ke5 48.a5 e3 49.Kc2 Ke4 50.a6 d3+ 51.Kd1 Kf3
52.a7 e2+ 53.Kd2 Kf2 54.a8=Q e1=Q+ 55.Kxd3 Kg3 56.Qa4 Kh4 57.Qe4 Qd1+ 58.Kc3 Qc1+
59.Kb4 Qc6 60.Qf4 Qb6+ 61.Ka3 Qa5+ 62.Qa4 Qe1 63.Qb4 Qa1+ 64.Kb3 Qd1+ 65.Ka2 Qd5+
66.b3 Qg2+ 67.Ka3 Qa8+ 68.Qa4 Qd5 69.Qf4 Qa8+ 70.Kb2 Qh8+ 71.Kb1 Qc3 72.b4 Qb3+
73.Kc1 Qc3+ 74.Kd1 Qd3+ 75.Ke1 Qb1+ 76.Kf2 Qc2+ 77.Kf3 Qd3+ 78.Kg2 Qd5+ 79.Qf3 Qc4
80.Qg3+ Kg5 81.Kh3 Qf1+ 82.Qg2 Qd3+ 83.Qg3 Qf1+ 84.Kh2 Qe2+ 85.Qg2 Qe5+ 86.Kh3 Qe3+
87.Qg3 Qf3 88.Kh2 Qe2+ 89.Kg1 Qd1+ 90.Kg2 Qe2+ 91.Kg1 Qd1+ 92.Kg2 Qe2+ 93.Qf2 Qe4+
94.Qf3 Qxb4 95.Kh3 Qf8 96.Qd5+ Kf4 97.Qd2+ Ke5 98.Qe3+ Kf6 99.Qf4+ Kg7 100.Qe5+ Qf6
101.Qc7+ Kg8  1/2-1/2

[Event "58th TCh w 1st Div"]
[Site "Borovets BUL"]
[Date "2008.10.02"]
[Round "2"]
[White "Vladimirova,M"]
[Black "Genova,R"]
[Result "1-0"]
[WhiteElo "2038"]
[BlackElo "2210"]

1.e4 c5 2.Nf3 d6 3.Bb5+ Bd7 4.Bxd7+ Qxd7 5.O-O Nf6 6.e5 dxe5 7.Nxe5 Qc7 8.d4 e6
9.Bf4 Bd6 10.Na3 Bxe5 11.Bxe5 Qc6 12.c4 Nbd7 13.Nb5 cxd4 14.Nc7+ Ke7 15.Bxf6+ gxf6
16.Nxa8 e5 17.Re1 Rxa8 18.Qxd4 Nc5 19.Rad1 Ne6 20.Qh4 Rg8 21.Rd5 Ng5 22.Kh1 a6
23.Red1 Rc8 24.Rd7+ Qxd7 25.Rxd7+ Kxd7 26.b3 Rc6 27.Qg4+ Ke7 28.h4 Ne6 29.Qh5 Nf8
30.Qf5 Rd6 31.Qc8 Rd7 32.c5 h5 33.c6 bxc6 34.Qxa6 c5 35.Qe2 Ra7 36.f4 Ng6
37.g3 Kd6 38.Qd3+ Kc6 39.Qf5 exf4 40.Qxf6+ Kd5 41.gxf4 Ke4 42.Qc6+ Kxf4 43.a4 Nxh4
44.a5 Nf5 45.Qxc5 Re7 46.Qf2+ Kg4 47.a6 Nh4 48.a7 Re8 49.Qd4+ Kg3 50.Qd6+ Kf3  1-0

[Event "Autumn-5"]
[Site "Alushta UKR"]
[Date "2008.10.03"]
[Round "10"]
[White "Shtyrenkov,V"]
[Black "Amanov,M"]
[Result "1/2-1/2"]
[WhiteElo "2348"]
[BlackElo "2385"]

1.e4 c5 2.Nf3 d6 3.Bb5+ Bd7 4.Bxd7+ Qxd7 5.O-O Nc6 6.c4 g6 7.d4 cxd4 8.Nxd4 Bg7
9.Be3 Nf6 10.f3 O-O 11.Nc3 a6 12.a4 e6 13.Rc1 Ne5 14.b3 d5 15.cxd5 exd5 16.Nxd5 Nxd5
17.exd5 Rfe8 18.Bf2 Qxd5 19.Qc2 Bh6 20.Rcd1 Rac8 21.Qb2 Qa5 22.h4 Re7 23.Qa2 Nc6
24.Nxc6 Rxc6 25.Rfe1 Qc7 26.Rxe7 Qxe7 27.Re1 Re6 28.Rxe6 Qxe6 29.g3 Qd5 30.Kg2 Qd3
31.a5 Bg7 32.Qa4 Bf6 33.Qb4 Qd5  1/2-1/2

[Event "ch-Commonwealth"]
[Site "Nagpur IND"]
[Date "2008.10.03"]
[Round "7"]
[White "Shristi,J"]
[Black "Ankit,R"]
[Result "0-1"]
[WhiteElo "1959"]
[BlackElo "2194"]

1.e4 c5 2.Nf3 d6 3.Bb5+ Nc6 4.O-O Bd7 5.c3 Nf6 6.Re1 a6 7.Bxc6 Bxc6 8.e5 dxe5
9.Nxe5 Qc7 10.d4 e6 11.Bf4 Qc8 12.Nc4 Qd8 13.dxc5 Qxd1 14.Rxd1 Bxc5 15.Nd6+ Ke7
16.b4 Ba7 17.c4 Rhd8 18.c5 Nd5 19.Bd2 b6 20.Nc3 bxc5 21.bxc5 Nxc3 22.Bxc3 Bxc5
23.Nc4 Rxd1+ 24.Rxd1 Rc8 25.Nd2 Bd5 26.Bb2 Bb4 27.Nb3 f6 28.Rc1 Rxc1+ 29.Nxc1 Kd7
30.f3 Kc6 31.Kf2 Kb5 32.Ke2 Bc4+ 33.Kd1 e5 34.g3 h5 35.Kc2 Bc5 36.Nd3 Bg1
37.h3 Bxa2 38.Ba3 Bd5 39.Bf8 Bxf3 40.Bxg7 e4 41.Ne1 f5 42.Nxf3 exf3 43.Kd2 Kc4
44.Ke1 Bd4 45.Bf8 a5 46.Bd6 a4 47.Kd2 Bc5 48.Be5 a3  0-1

[Event "ch-Commonwealth"]
[Site "Nagpur IND"]
[Date "2008.10.03"]
[Round "7"]
[White "Rathnakaran,K"]
[Black "Ophoff,J"]
[Result "1/2-1/2"]
[WhiteElo "2453"]
[BlackElo "2275"]

1.e4 c5 2.Nf3 d6 3.Bb5+ Bd7 4.Bxd7+ Qxd7 5.c4 Nf6 6.Nc3 g6 7.O-O Bg7 8.d4 cxd4
9.Nxd4 O-O 10.f3 Rc8 11.b3 d5 12.exd5 Nxd5 13.Nxd5 e6 14.Bh6 exd5 15.Bxg7 Kxg7
16.cxd5 Qxd5 17.Ne2 Qxd1 18.Rfxd1 Na6 19.Rd7 Rc7 20.Rxc7 Nxc7 21.Rd1 Re8
22.Kf2 Re7 23.Rd8 Ne6 24.Rd2 Rc7 25.g4 h6 26.h4 Kf6 27.Ng3 Ke7 28.h5 Rc6
29.hxg6 fxg6 30.Ne4 Ng5 31.Nxg5 hxg5 32.Kg3 Ke6 33.Rh2 a5 34.Rd2 b6 35.Rd3 Ke5
36.a4 Rf6 37.Rd1 Rc6 38.Rb1 b5 39.axb5 Rc5 40.b4 Rxb5 41.Re1+ Kf6 42.bxa5 Rxa5
43.Kf2 Ra6 44.Re2 Rb6 45.Ra2 Re6 46.Ra5 Rb6 47.Rd5 Re6 48.Rc5 Ra6 49.Ke3 Ra3+
50.Ke4 Ra4+ 51.Kd5 Rf4 52.Rc6+ Kg7 53.Rc7+ Kg8 54.Rc3 Kg7 55.Ke6 Kh6 56.Rd3 Kg7
57.Rd7+ Kh6  1/2-1/2

[Event "ch-Commonwealth"]
[Site "Nagpur IND"]
[Date "2008.10.03"]
[Round "7"]
[White "Venkatesh,M"]
[Black "Shashikant,K"]
[Result "1-0"]
[WhiteElo "2462"]
[BlackElo "2340"]

1.e4 c5 2.Nf3 d6 3.Bb5+ Bd7 4.Bxd7+ Qxd7 5.c4 Nf6 6.Nc3 Nc6 7.O-O g6 8.d4 cxd4
9.Nxd4 Bg7 10.Nde2 O-O 11.f3 a6 12.a4 Qc7 13.Be3 e6 14.Kh1 Rfe8 15.f4 Rac8
16.Bg1 Nb4 17.b3 Qc6 18.Nd4 Qc7 19.Qf3 d5 20.e5 Nd7 21.Rac1 Nc5 22.cxd5 Ncd3
23.Ncb5 Qxc1 24.Rxc1 Rxc1 25.Nd6 Rf8 26.g3 exd5 27.Qe2 Rd8 28.Kg2 Re1 29.Qg4 Bxe5
30.fxe5 Nxe5 31.Qg5 Rxd6 32.Bf2 Re4 33.Qe7 Re6 34.Nxe6 fxe6 35.Bc5  1-0

[Event "Bundesliga 2008-9"]
[Site "Trier GER"]
[Date "2008.10.03"]
[Round "7"]
[White "Mainka,R"]
[Black "Flumbort,A"]
[Result "1/2-1/2"]
[WhiteElo "2482"]
[BlackElo "2489"]

1.e4 c5 2.Nf3 d6 3.Bb5+ Nd7 4.c3 Nf6 5.Qe2 a6 6.Ba4 b5 7.Bc2 Bb7 8.O-O c4
9.b3 cxb3 10.axb3 e5 11.d4 Be7 12.d5 O-O 13.Na3 Ne8 14.Bd2 f5 15.exf5 Bxd5
16.c4 bxc4 17.Nxc4 Bf6 18.Ra5 Bb7 19.Be4 Qb8  1/2-1/2

[Event "TCh-FIN"]
[Site "Finland FIN"]
[Date "2008.10.04"]
[Round "3"]
[White "Kiik,K"]
[Black "Luukkonen,T"]
[Result "1-0"]
[WhiteElo "2464"]
[BlackElo "2287"]

1.e4 c5 2.Nf3 d6 3.Bb5+ Nd7 4.c3 Nf6 5.Qe2 a6 6.Ba4 Qc7 7.O-O b5 8.Bc2 e5
9.a4 Rb8 10.axb5 axb5 11.Na3 c4 12.d3 d5 13.exd5 Bxa3 14.Rxa3 O-O 15.dxc4 bxc4
16.Rd1 Rb6 17.Be3 Rd6 18.Nd2 Ba6 19.Rda1 Bb5 20.Ba4 Bxa4 21.Rxa4 Nxd5 22.Ra7 Qc8
23.Nxc4 Re6 24.Rd1 N7f6 25.Ra5 Nf4 26.Qf1 Ng4 27.Rc5 Qb8 28.h3 Nxe3 29.fxe3 Nh5
30.Qf3 g6 31.Rd7 Rf6 32.Qb7 Qxb7 33.Rxb7 Rd8 34.Kh2 Rf2 35.Rxe5 Rd1 36.Rbb5 Nf6
37.Re7 Re1 38.Ne5 Nh5 39.Rb8+ Kg7 40.Rbb7 Ref1 41.b4 Rf5 42.b5 Kf6 43.b6 Rb1
44.Nf3 Kg7 45.c4 Rb2 46.Ne5 Kf6 47.Nd3 Rb3 48.Rxf7+ Kg5 49.Rxf5+ gxf5 50.Nf4 Nf6
51.Nd5 Ne4 52.Rxh7 Rb1 53.Rg7+ Kh6 54.Rc7 Nd2 55.Kg3 Kg5 56.h4+ Kh5 57.Kf4 Rf1+
58.Ke5  1-0

[Event "TCh-FIN"]
[Site "Finland FIN"]
[Date "2008.10.04"]
[Round "3"]
[White "Alho,S"]
[Black "Fieandt,J"]
[Result "1-0"]
[WhiteElo "2141"]
[BlackElo "2174"]

1.e4 c5 2.Nf3 d6 3.Bb5+ Bd7 4.Bxd7+ Qxd7 5.c4 Nc6 6.Nc3 g6 7.d4 cxd4 8.Nxd4 Bg7
9.Be3 Nf6 10.f3 O-O 11.O-O a6 12.a4 e6 13.Qd2 Rfc8 14.b3 Qe7 15.Rad1 Nxd4
16.Bxd4 Rc6 17.Na2 Ne8 18.Be3 Rcc8 19.Bb6 Qf6 20.f4 Qb2 21.Qxb2 Bxb2 22.Rf2 Ba3
23.e5 Rc6 24.Be3 Rac8 25.Rfd2 f6 26.exd6 Nxd6 27.Rd3 a5 28.Nc3 Nf5 29.Bf2 Be7
30.Nb5 Kf8 31.Na7 Rb8 32.Nxc6 bxc6 33.g4 Nh6 34.h3 Nf7 35.Be1 e5 36.Bxa5 exf4
37.Bc7 Bc5+ 38.Kf1 Re8 39.Bxf4 Re4 40.Bg3 Ng5 41.Bd6+ Bxd6 42.Rxd6 Nxh3 43.R1d4 Ke7
44.Rd7+ Ke6 45.Rxe4+ Kxd7 46.b4 Ng5 47.Rd4+ Kc7 48.Rf4 h5 49.gxh5 gxh5 50.Rxf6 Ne4
51.Rf7+ Kb6 52.c5+ Ka6 53.Rc7  1-0

[Event "Bundesliga 2008-9"]
[Site "Hamburg GER"]
[Date "2008.10.04"]
[Round "1"]
[White "Beikert,G"]
[Black "Boensch,U"]
[Result "1/2-1/2"]
[WhiteElo "2470"]
[BlackElo "2523"]

1.e4 c5 2.Nf3 d6 3.Bb5+ Nc6 4.O-O Bd7 5.Re1 Nf6 6.c3 a6 7.Bxc6 Bxc6 8.d3 g6
9.e5 dxe5 10.Nxe5 Qd5 11.Nxc6 Qxc6 12.d4 cxd4 13.cxd4 Bg7 14.Nc3 Qd7 15.Qf3 O-O
16.Bg5 b5 17.Bxf6 exf6 18.Nd5 Qd6 19.g4 Ra7 20.Rad1 Rd7 21.Nc3 Qb4 22.d5 Rc8
23.Re2 f5 24.gxf5 Bxc3 25.bxc3 Qd6 26.f6 h5 27.Rd4 Kh7 28.Kg2 Rc5 29.Red2 Qe5
30.d6 Qg5+ 31.Kf1 Qf5 32.Qxf5 gxf5 33.R2d3 Kg6 34.Kg2 Kxf6 35.Kg3 Kg5 36.f4+ Kg6
37.Kh4 Rc6 38.Rg3+ Kf6 39.Rgd3 Rc8 40.a4 Kg6 41.axb5 axb5 42.Rd5 Rc4 43.Rxb5 Rxf4+
44.Kh3 Kf6 45.Rb4 Re4 46.Kg3 Ke5 47.Rb5+ Ke6 48.Rbd5 Rc4 49.R5d4 Rxd4 50.Rxd4 Rxd6
51.Rxd6+ Kxd6 52.Kf4 Kd5 53.Kxf5 Kc4 54.Kg5 Kxc3 55.Kxh5 Kd4 56.Kg5 Ke4  1/2-1/2

[Event "Podillya It"]
[Site "Khmelnitsky UKR"]
[Date "2008.10.04"]
[Round "13"]
[White "Soltanici,R"]
[Black "Zherebukh,Y"]
[Result "1/2-1/2"]
[WhiteElo "2421"]
[BlackElo "2432"]

1.e4 c5 2.Nf3 d6 3.Bb5+ Nd7 4.O-O Nf6 5.Re1 a6 6.Bf1 e5 7.c3 Be7 8.d4 O-O
9.dxe5 Nxe5 10.Nxe5 dxe5 11.Qxd8 Rxd8 12.a4 Be6 13.Nd2 Ne8 14.Nc4 f6 15.f4 b5
16.Nb6 Rab8 17.Nd5 Bxd5 18.exd5 c4 19.fxe5 fxe5 20.axb5 axb5 21.Rxe5 Bd6
22.Re1 Nf6 23.Be3 Ng4 24.Bd4 Bxh2+ 25.Kh1 Re8 26.Re6 Be5 27.Bxe5 Nxe5 28.Rxe8+ Rxe8
29.Re1 Kf7 30.b3 cxb3 31.Bxb5 Rb8 32.c4 Nd3 33.Rf1+ Ke7 34.d6+ Ke6 35.d7 b2
36.Rb1 Ke7 37.Kg1 Rb6 38.Kh2 h5 39.g4 hxg4 40.Kg3 Kd8 41.Kxg4 Kc7 42.Kf5 g6+
43.Kg5 Rd6 44.c5 Rd5+ 45.Kf6 Nxc5 46.Rxb2 Rd6+ 47.Kg5 Nxd7 48.Bxd7 Kxd7  1/2-1/2

[Event "ch-RUS"]
[Site "Moscow RUS"]
[Date "2008.10.04"]
[Round "2"]
[White "Alekseev,Evgeny"]
[Black "Timofeev,Arty"]
[Result "1-0"]
[WhiteElo "2715"]
[BlackElo "2670"]

1.e4 c5 2.Nf3 d6 3.Bb5+ Nd7 4.d4 Nf6 5.Nc3 a6 6.Bxd7+ Nxd7 7.O-O e6 8.d5 e5
9.a4 Be7 10.Nd2 O-O 11.Nc4 Nb6 12.Ne3 Bg5 13.Qe2 Bd7 14.a5 Nc8 15.Bd2 Bf4
16.Rfb1 Na7 17.Nc4 Nb5 18.Bxf4 exf4 19.Nb6 Nd4 20.Qd3 Rb8 21.Ne2 Nxe2+ 22.Qxe2 Qe7
23.b4 cxb4 24.Rxb4 f5 25.Qf3 Qe5 26.Rab1 Bb5 27.h3 Rf7 28.exf5 Qxf5 29.c4 Be8
30.Re1 Rf6 31.Qg4 Qxg4 32.hxg4 f3 33.Rb3 fxg2 34.Rbe3 Kf8 35.Kxg2 Rd8 36.Kg3 Bd7
37.Re7 Be8 38.Rxb7 Rf7 39.Rxf7+ Bxf7 40.f4 h5 41.f5 hxg4 42.Kxg4 Bg8 43.Kg5 Kf7
44.Re3 Bh7 45.Re6 Bg8 46.c5 dxc5 47.Rc6 Ke7 48.d6+ Kf8 49.d7 c4 50.Rc8 Ke7
51.Kg6 Bf7+ 52.Kxg7 Rg8+ 53.Rxg8 Bxg8 54.f6+  1-0

[Event "Chigorin Memorial"]
[Site "St Petersburg RUS"]
[Date "2008.10.04"]
[Round "1"]
[White "Alavkin,A"]
[Black "Prelovskij,R"]
[Result "1-0"]
[WhiteElo "2476"]
[BlackElo "2137"]

1.e4 c5 2.Nf3 d6 3.Bb5+ Bd7 4.Bxd7+ Qxd7 5.O-O Nc6 6.c3 Nf6 7.Re1 e5 8.d4 Qc7
9.Bg5 Be7 10.Na3 a6 11.Nc4 Rd8 12.Ne3 Qd7 13.Nf5 O-O 14.Qd2 Rfe8 15.Rad1 exd4
16.Nxe7+ Qxe7 17.cxd4 h6 18.Bh4 cxd4 19.Nxd4 Nxd4 20.Qxd4 g5 21.Bg3 d5 22.e5 Ne4
23.f4 Qe6 24.Rf1 Qg4 25.Rd3 Qc8 26.Re3 b5 27.b3 Re6 28.Be1 Rc6 29.f5 Rc2
30.e6 fxe6 31.f6 Rf8 32.Rxe4 dxe4 33.Qxe4 Rc7 34.Qg6+ Kh8 35.f7 Rcxf7 36.Rxf7 Qc5+
37.Kf1  1-0

[Event "4NCL 2008-9"]
[Site "Sunningdale ENG"]
[Date "2008.10.04"]
[Round "1"]
[White "Greet,A"]
[Black "Pinter,G"]
[Result "1/2-1/2"]
[WhiteElo "2453"]
[BlackElo "2355"]

1.e4 c5 2.Nf3 d6 3.Bb5+ Bd7 4.Bxd7+ Qxd7 5.O-O g6 6.c3 Nf6 7.Qe2 Bg7 8.d4 O-O
9.dxc5 dxc5 10.Rd1 Qc6 11.e5 Nd5 12.c4 Nc7 13.Nc3 Nd7 14.Nd5 Nxd5 15.cxd5 Qc7
16.Bf4 Rad8 17.Rac1 b6 18.h4 Rfe8 19.h5 Nf8 20.Qc4 Qd7 21.h6 Bh8 22.Bg3 Qf5
23.Qf4 Qxf4 24.Bxf4 e6 25.d6 Nd7 26.b4 f6 27.bxc5 bxc5 28.Nd2 g5 29.Bh2 f5
30.Nc4 f4 31.Re1 Rf8 32.Re4 Rf5 33.Rce1 Rdf8 34.g4 R5f7 35.f3 Rb8 36.Kg2 Rff8
37.Bg1 Rb4 38.a3 Rb3 39.Rc1 Rc8 40.Bf2 Rcb8 41.Re2 Rd3 42.Rd2 Nxe5 43.Rcc2 Rxd2
44.Nxd2 Nd3 45.Ne4 Nxf2 46.Kxf2 Bd4+ 47.Ke2 Rd8 48.Kd3 Kf7 49.Nxg5+ Kg6 50.Ne4 Kxh6
51.Kc4 a6 52.Rc1 Bb2 53.Rh1+ Kg6 54.Kxc5 Bxa3+ 55.Kc6 Bb4 56.Ra1 a5 57.Kc7 Ra8
58.Kd7 a4 59.Kxe6 a3 60.Kd5 Kf7 61.Ng5+ Kf6 62.Ne4+  1/2-1/2

[Event "Autumn-5"]
[Site "Alushta UKR"]
[Date "2008.10.05"]
[Round "12"]
[White "Kovalev,An"]
[Black "Amanov,M"]
[Result "1/2-1/2"]
[WhiteElo "2550"]
[BlackElo "2385"]

1.e4 c5 2.Nf3 d6 3.Bb5+ Nc6 4.O-O Bd7 5.Re1 Nf6 6.c3 a6 7.Bf1 Bg4 8.d3 e6
9.Nbd2 Be7 10.h3 Bh5 11.a3 O-O 12.b4 d5 13.bxc5 Bxc5 14.d4 Be7 15.Bd3 Qa5
16.e5 Nd7 17.Qc2 Bg6 18.a4 Qc7 19.Ba3 Bxa3 20.Bxg6 hxg6 21.Rxa3 Na5 22.Rb1 Rfc8
23.Ng5 Nf8 24.Ngf3 Nd7 25.Ng5 Nf8 26.Ngf3  1/2-1/2

[Event "Belgrade Premier League"]
[Site "Belgrade SRB"]
[Date "2008.10.05"]
[Round "1"]
[White "Marinovic,B"]
[Black "Lapcevic,M"]
[Result "1/2-1/2"]
[WhiteElo "2408"]
[BlackElo "2355"]

1.e4 c5 2.Nf3 d6 3.Bb5+ Bd7 4.a4 Nf6 5.Nc3 Nc6 6.O-O e6 7.Re1 Be7 8.d3 O-O
9.e5 Nxe5 10.Nxe5 dxe5 11.Rxe5 Bd6 12.Re1 Qc7 13.h3 Nd5 14.Nxd5 exd5 15.Bxd7 Qxd7
16.Qf3 Rae8 17.Bf4 Bxf4 18.Qxf4 Qc6 19.b3 a5 20.Kf1 b6 21.Rxe8 Rxe8 22.Re1 Rxe1+
23.Kxe1 f6 24.Kd2 Kf7 25.Qf5 g6 26.Qf4 Kg7 27.Qb8 Qe6 28.Qc7+ Kh6 29.Qf4+ Kg7
30.d4 Qc6 31.g4 c4 32.h4 cxb3 33.cxb3 h5 34.gxh5 gxh5 35.Qf5 Qd6 36.Ke3 Qb4
37.Qd7+ Kg6 38.Qe8+  1/2-1/2

[Event "Chigorin Memorial"]
[Site "St Petersburg RUS"]
[Date "2008.10.05"]
[Round "2"]
[White "Trushelyov,V"]
[Black "Levin,Ev"]
[Result "0-1"]
[WhiteElo "2340"]
[BlackElo "2487"]

1.e4 c5 2.Nf3 d6 3.Bb5+ Bd7 4.Bxd7+ Qxd7 5.O-O Nc6 6.c3 Nf6 7.Re1 e6 8.d4 cxd4
9.cxd4 d5 10.e5 Ne4 11.Nbd2 Nxd2 12.Bxd2 Be7 13.a3 O-O 14.Bg5 Rfc8 15.Qd2 Bf8
16.h4 b6 17.Nh2 Ne7 18.Rac1 Qa4 19.Bxe7 Bxe7 20.Nf3 b5 21.Qd3 Qa6 22.g3 Rc4
23.Nd2 Rc6 24.Rxc6 Qxc6 25.Nb3 Qc4 26.Qe3 Qc2 27.Re2 Qg6 28.Kh2 b4 29.Nc5 bxa3
30.Qxa3 Qg4 31.Qe3 Rb8 32.f3 Qg6 33.Qc3 Qb1 34.Kg2 h5 35.Nd3 Bd8 36.Nc5 Qa1
37.Nd7 Ba5 38.Qc5 Rxb2 39.Qc8+ Kh7 40.Nf6+ Kh6 41.Rxb2 Qxb2+ 42.Kf1 Qa3 43.Qd7 Qxf3+
44.Kg1 Qxg3+ 45.Kf1 Qf3+ 46.Kg1 Be1  0-1

[Event "Chigorin Memorial"]
[Site "St Petersburg RUS"]
[Date "2008.10.05"]
[Round "2"]
[White "Kurilov,Vi"]
[Black "Lanin,A"]
[Result "0-1"]
[WhiteElo "2312"]
[BlackElo "2465"]

1.e4 c5 2.Nf3 d6 3.Bb5+ Nc6 4.O-O Bd7 5.c3 a6 6.Ba4 Nf6 7.Re1 b5 8.Bb3 Bg4
9.d3 e6 10.h3 Bh5 11.Nbd2 Be7 12.Nf1 Ne5 13.g4 Bg6 14.Bf4 Nxf3+ 15.Qxf3 Nd7
16.Qg3 Bh4 17.Qe3 e5 18.Bg3 h5 19.Kg2 hxg4 20.hxg4 c4 21.dxc4 Nc5 22.f3 Ne6
23.Bh2 Bxe1 24.Qxe1 Nc5 25.cxb5 Nxb3 26.axb3 axb5 27.Rxa8 Qxa8 28.Qe2 O-O
29.Ne3 Qa2 30.b4 Ra8 31.Qd2 Qb1 32.Kh3 Qh1 33.Ng2 Rd8 34.Qd5 Qf1 35.Kg3 Kh7
36.Qc6 Qd3 37.Qc7 Ra8 38.Nh4 Bxe4 39.Qxf7 Bd5 40.Qh5+ Kg8 41.g5 Qh7 42.Qxh7+ Kxh7
43.g6+ Kh6 44.Nf5+ Kg5 45.Nxd6 Rf8 46.Nf7+ Bxf7 47.gxf7 Rxf7 48.Bg1 Rd7 49.Be3+ Kf5
50.Kf2 Rd1 51.b3 Rd3 52.c4 Rxb3 53.cxb5 Rxb4 54.b6 Rb3 55.Ke2 e4 56.fxe4+ Kxe4
57.Bc5 Rb5 58.Bf2 Rb2+ 59.Ke1 g5 60.Bc5 g4 61.Kf1 g3 62.Kg1 Kf3 63.Kh1 Rb5
64.Bd4 Rd5  0-1

[Event "Chigorin Memorial"]
[Site "St Petersburg RUS"]
[Date "2008.10.05"]
[Round "3"]
[White "Butuc,M"]
[Black "Demina,J"]
[Result "1/2-1/2"]
[WhiteElo "2159"]
[BlackElo "2357"]

1.e4 c5 2.Nf3 d6 3.Bb5+ Nc6 4.O-O Bd7 5.Re1 Nf6 6.c3 a6 7.Bf1 Bg4 8.d3 e6
9.Nbd2 Be7 10.h3 Bh5 11.g4 Bg6 12.Nh4 Nd7 13.Nxg6 hxg6 14.f4 g5 15.f5 Nde5
16.Nf3 Nxf3+ 17.Qxf3 Bf6 18.Be3 Rc8 19.Qf2 e5 20.a3 a5 21.a4 Rc7 22.Bg2  1/2-1/2

[Event "Chigorin Memorial"]
[Site "St Petersburg RUS"]
[Date "2008.10.05"]
[Round "3"]
[White "Alavkin,A"]
[Black "Duzhakov,I"]
[Result "1/2-1/2"]
[WhiteElo "2476"]
[BlackElo "2276"]

1.e4 c5 2.Nf3 d6 3.Bb5+ Nd7 4.d4 cxd4 5.Qxd4 a6 6.Bxd7+ Bxd7 7.Bg5 Nf6 8.Bxf6 gxf6
9.Nc3 Bg7 10.O-O O-O 11.Qd3 Rc8 12.Nh4 Kh8 13.Nf5 Rg8 14.Kh1 Rc5 15.Rae1 Bf8
16.Ne3 b5 17.a3 Rh5 18.Qe2 Rh4 19.g3 Rh3 20.Ncd5 Qa8 21.Qf3 Bc6 22.Kg1 Rg5
23.Kg2 Rhh5 24.h4 Rxd5 25.exd5 Rxd5 26.Kh2 Re5 27.Qg4 e6 28.Qf4 f5 29.Qg5 Bb7
30.Rg1 Qe8 31.Ng2 Be7 32.Qh6 Bf8 33.Qg5 Be7  1/2-1/2

[Event "1st WMSG Rapid Ind w"]
[Site "Beijing CHN"]
[Date "2008.10.06"]
[Round "4"]
[White "Socko,M"]
[Black "Zdebskaja,N"]
[Result "1/2-1/2"]
[WhiteElo "2434"]
[BlackElo "2419"]

1.e4 c5 2.Nf3 d6 3.Bb5+ Nc6 4.O-O Bd7 5.Re1 Nf6 6.c3 a6 7.Bxc6 Bxc6 8.d4 cxd4
9.cxd4 Bxe4 10.Bg5 Qa5 11.Bd2 Qf5 12.Nh4 Qd5 13.Nc3 Qxd4 14.Nf3 Bxf3 15.Qxf3 Qxd2
16.Qxb7 Rd8 17.Rad1 Qf4 18.Qc6+ Rd7 19.Qc8+ Rd8 20.Qc6+ Rd7 21.g3 Qb4 22.Qc8+ Rd8
23.Qc6+ Rd7  1/2-1/2

[Event "1st WMSG Rapid Ind"]
[Site "Beijing CHN"]
[Date "2008.10.06"]
[Round "6"]
[White "Sandipan,C"]
[Black "Aveskulov,V"]
[Result "1-0"]
[WhiteElo "2579"]
[BlackElo "2544"]

1.e4 c5 2.Nf3 d6 3.Bb5+ Nc6 4.O-O Bd7 5.Re1 Nf6 6.h3 g6 7.c3 Ne5 8.Bf1 Bg7
9.d4 Nxf3+ 10.Qxf3 O-O 11.e5 Bc6 12.exf6 Bxf3 13.fxe7 Qa5 14.exf8=Q+ Rxf8
15.gxf3 cxd4 16.Bf4 Qf5 17.Bxd6 Rd8 18.Bc7 Rc8 19.Bg3 h5 20.cxd4 Bxd4 21.Nc3 Qxf3
22.Ne4 Rc2 23.Bg2 Qf5 24.Rad1 Bxb2 25.Nd6 Qg5 26.Rd5 Qf6 27.Re8+ Kg7 28.Rb8 Qe6
29.Rxb7 h4 30.Bxh4 Rc1+ 31.Kh2 Be5+ 32.Rxe5 Qxe5+ 33.Bg3 Qe1 34.h4 Rd1 35.Rxf7+ Kg8
36.Rxa7 Qb4 37.Ne4 Qd4 38.Rd7 Qa1 39.Nf6+ Kf8 40.Nd5 g5 41.h5 g4 42.h6 Kg8
43.Rg7+ Kh8 44.Re7 Rxd5 45.Re8+ Kh7 46.Bxd5 Kxh6 47.Ra8  1-0

[Event "1st WMSG Rapid Ind w"]
[Site "Beijing CHN"]
[Date "2008.10.06"]
[Round "7"]
[White "Dolzhikova,K"]
[Black "Dworakowska,J"]
[Result "0-1"]
[WhiteElo "2351"]
[BlackElo "2363"]

1.e4 c5 2.Nf3 d6 3.Bb5+ Nd7 4.O-O Nf6 5.d4 a6 6.Bxd7+ Nxd7 7.Nc3 e6 8.Be3 Be7
9.Qd2 cxd4 10.Nxd4 O-O 11.f4 Qc7 12.f5 Ne5 13.Qe2 Bd7 14.Rad1 b5 15.a3 Bf6
16.Bc1 Rac8 17.Qh5 Qa7 18.Kh1 Rc4 19.Nce2 Nc6 20.Nxc6 Bxc6 21.fxe6 fxe6 22.Rxd6 Bxe4
23.Nc3 Be7 24.Rxf8+ Bxf8 25.Rd1 Qf2 26.Nxe4 Rxe4 27.h3 Re1+ 28.Kh2 Qg1+ 29.Kg3 Rxd1  0-1

[Event "58th TCh w 1st Div"]
[Site "Borovets BUL"]
[Date "2008.10.06"]
[Round "6"]
[White "Bulmaga,I"]
[Black "Genova,R"]
[Result "1/2-1/2"]
[WhiteElo "2287"]
[BlackElo "2210"]

1.e4 c5 2.Nf3 d6 3.Bb5+ Bd7 4.Bxd7+ Qxd7 5.c4 Nc6 6.d4 cxd4 7.Nxd4 Nf6 8.Nc3 e6
9.O-O Be7 10.f3 Rc8 11.Be3 O-O 12.Qe2 b6 13.Rad1 Qb7 14.b3 a6 15.a4 Rfe8
16.Nxc6 Rxc6 17.Bd4 Nd7 18.Qf2 Bf8 19.Kh1 Nc5 20.Qb2 Qc8 21.Bf2 Nd7 22.Rd2 Qb7
23.Rfd1 Ne5 24.Bg3 Qe7 25.f4 Ng6 26.Ne2 Qf6 27.e5 dxe5 28.fxe5 Qg5 29.Nd4 Rc7
30.Nf3 Qe7 31.Rd6 Rb7 32.Qd4 Qc7 33.Rd7 Qxd7 34.Qxd7 Rxd7 35.Rxd7 Bc5 36.h4 Ne7
37.Be1 a5 38.Bc3 h6 39.g4 Nc6 40.Nd2 Rd8 41.Rxd8+ Nxd8  1/2-1/2

[Event "58th TCh w 1st Div"]
[Site "Borovets BUL"]
[Date "2008.10.06"]
[Round "6"]
[White "Boneva,Z"]
[Black "Videnova,I"]
[Result "0-1"]
[WhiteElo "1949"]
[BlackElo "2182"]

1.e4 c5 2.Nf3 d6 3.Bb5+ Nc6 4.Bxc6+ bxc6 5.d3 e5 6.h3 g6 7.Nc3 Bg7 8.Be3 Ne7
9.Qd2 Rb8 10.b3 Qa5 11.O-O h6 12.Rad1 f5 13.Na4 Qd8 14.Qe2 O-O 15.Kh2 f4
16.Bc1 g5 17.Ng1 Ng6 18.g3 g4 19.d4 exd4 20.hxg4 f3 21.Qc4+ Kh8 22.c3 Ne5  0-1

[Event "Chigorin Memorial"]
[Site "St Petersburg RUS"]
[Date "2008.10.06"]
[Round "4"]
[White "Trushelyov,V"]
[Black "Loskutov,O"]
[Result "1-0"]
[WhiteElo "2340"]
[BlackElo "2482"]

1.e4 c5 2.Nf3 d6 3.Bb5+ Bd7 4.Bxd7+ Nxd7 5.O-O Ngf6 6.Qe2 e6 7.b3 g6 8.Bb2 Bg7
9.Ng5 h6 10.Nh3 Nb8 11.f4 Nc6 12.d3 Qe7 13.Nd2 Nd4 14.Qd1 h5 15.c3 Nc6 16.Qf3 Ng4
17.Rae1 O-O-O 18.Nf2 Qh4 19.h3 Nxf2 20.Rxf2 Rd7 21.Qe2 Rhd8 22.a3 Bh6 23.Ref1 e5
24.f5 d5 25.fxg6 fxg6 26.exd5 Rxd5 27.Ne4 Ne7 28.Rf3 Nf5 29.Bc1 Bxc1 30.Rxc1 Qe7
31.Rcf1 h4 32.b4 cxb4 33.axb4 Kb8 34.Ra1 b6 35.Kh2 R8d7 36.Nf2 Qd8 37.Qe4 Qc7
38.Rc1 Ng3 39.Qxh4 Ne2 40.Rf8+ Rd8 41.Rxd8+ Rxd8 42.Rc2 e4+ 43.g3 Nd4 44.cxd4  1-0

[Event "1st WMSG Rapid Ind KO"]
[Site "Beijing CHN"]
[Date "2008.10.07"]
[Round "1.2"]
[White "Zhang Zhong"]
[Black "Bu Xiangzhi"]
[Result "1/2-1/2"]
[WhiteElo "2649"]
[BlackElo "2714"]

1.e4 c5 2.Nf3 d6 3.Bb5+ Nd7 4.d4 a6 5.Bxd7+ Bxd7 6.O-O e6 7.Bg5 Qc7 8.Nc3 Ne7
9.Re1 Ng6 10.dxc5 Qxc5 11.Qd2 Qc7 12.Nd4 h6 13.Be3 Ne5 14.f4 Nc4 15.Qc1 Be7
16.Bf2 O-O 17.b3 Na5 18.Qe3 Rac8 19.Nce2 b5 20.c3 Rfe8 21.Rad1 Nc6 22.Qg3 Bf8
23.Qf3 Nxd4 24.Bxd4 Bc6 25.Qe3 e5 26.fxe5 dxe5 27.Bb6 Qb7 28.Ng3 Bd7 29.Kh1 Bg4
30.Rd3 Qc6 31.Ba5 Bc5 32.Qd2 Qg6 33.Rf1 Qg5 34.Nf5 Qxd2 35.Rxd2 Re6 36.h3 Bxf5
37.Rxf5 f6 38.Rf3 Bb6 39.Bxb6 Rxb6 40.Rd7 Rbc6 41.Rg3 g5 42.Rf3 Rf8 43.g4 Rf7
44.Rxf7 Kxf7 45.Rd3 Ke7 46.Kg2 b4 47.c4 Rd6 48.Rd5 Rxd5 49.cxd5 Kd6 50.Kf3 Kc5
51.Ke3 Kb5 52.Kd3 Kc5 53.Kc2 a5 54.Kb2 f5 55.exf5 Kxd5 56.Kc2 e4 57.Kd2 Kd6
58.Ke2 Kd5 59.Kf2 Kd6 60.Ke3 Ke5 61.Ke2 Kd6 62.Ke3 Ke5 63.f6 Kxf6 64.Kxe4 Ke6
65.Kd4 Kd6 66.Kc4 Kc6 67.Kd4 Kd6  1/2-1/2

[Event "1st WMSG Rapid Ind"]
[Site "Beijing CHN"]
[Date "2008.10.07"]
[Round "8"]
[White "Ni Hua"]
[Black "Balogh,C"]
[Result "1-0"]
[WhiteElo "2710"]
[BlackElo "2616"]

1.e4 c5 2.Nf3 d6 3.Bb5+ Bd7 4.Bxd7+ Qxd7 5.c4 Nf6 6.Nc3 g6 7.d4 cxd4 8.Nxd4 Bg7
9.h3 O-O 10.Be3 Nc6 11.O-O a6 12.a4 Rac8 13.b3 e6 14.Rc1 Qd8 15.Nde2 Qc7
16.f4 Rfd8 17.f5 Qa5 18.Nf4 gxf5 19.Qf3 Nxe4 20.Nxe4 fxe4 21.Qxe4 d5 22.cxd5 exd5
23.Qf5 Ne7 24.Qg5 Ng6 25.Nh5 Bb2 26.Nf6+ Kh8 27.Rxc8 Rxc8 28.Nxh7 Qd8 29.Nf6 Bxf6
30.Rxf6 d4 31.Qh6+ Kg8 32.Rxg6+ fxg6 33.Qxg6+  1-0

[Event "1st WMSG Rapid Ind w"]
[Site "Beijing CHN"]
[Date "2008.10.07"]
[Round "9"]
[White "Xu Yuhua"]
[Black "Dworakowska,J"]
[Result "0-1"]
[WhiteElo "2477"]
[BlackElo "2363"]

1.e4 c5 2.Nf3 d6 3.Bb5+ Nd7 4.d4 cxd4 5.Qxd4 Nf6 6.Bg5 a6 7.Bxd7+ Bxd7 8.Nc3 Rc8
9.O-O h6 10.Bxf6 gxf6 11.Qd3 e6 12.Kh1 Qc7 13.Nd2 Qb6 14.Rab1 Be7 15.f4 Kd8
16.Rf3 Rc7 17.b4 Qc6 18.b5 axb5 19.Nxb5 Rc8 20.Na7 Qxc2 21.Nxc8 Qxd3 22.Rxd3 Kxc8
23.Nc4 Bc6 24.Nxd6+ Bxd6 25.Rxd6 Bxe4 26.Rc1+ Bc6 27.Rd3 Kc7 28.Kg1 Ra8 29.a3 Ra4
30.Rh3 Kd6 31.Rcc3 Rxf4 32.Rxh6 f5 33.Rh7 Ke7 34.g3 Rd4 35.Kf2 e5 36.h4 Rd8
37.Rh6 Ra8 38.h5 f6 39.Rh7+ Ke6 40.Rb3 f4 41.gxf4 exf4 42.h6 Ra5 43.Rh3 Rb5
44.Re7+ Kxe7 45.h7 Rb2+ 46.Kg1 Rb1+ 47.Kf2 Rb2+ 48.Kf1 f3 49.Rxf3 Rh2  0-1